Eva Smith/Daisy Renton - An Inspector Calls - AQA English Literature - Statistics

General Stats
  • This quiz has been taken 23 times
  • The average score is 5 of 15
Answer Stats
Hint Answer % Correct
Who got her pregnant? Eric Birling
100%
What shop did Sheila get her sacked from? Milwards
74%
How did she die? Suicide, by disenfectant, she "died in misery and agony - hating life"
74%
What does her no voice represent? The thousands of working class without a voice - just like those in the strike
47%
What is the significance of the surname 'Smith'? It is so common that her story could have happened to anyone
42%
Why was she sacked from Birling and Co? Leading a strike for better pay
42%
What did Mr Birling see her as? 'Cheap Labour'
32%
What did Gerald see her as? "I wasn't in love with her or anything - but I liked her - she was pretty and a good sport”
21%
What is she a victim of?` Patriarchal society/class inequality
21%
What does she symbolise? The suffering of the lower classes
16%
What did Eric see her as? "young and fresh and charming and altogether out of place down here"
11%
What was she not in Mrs Birlings eyes? a "deserving case"
5%
Why is her identity not revealed? So that she is a symbol of oppressed working class people
5%
What is said about girls in the same scenario as Eva by Mrs Birling? "a girl of that sort would not ever refuse money"
0%
What was Eva towards Gerald? "intensely grateful"
0%
No matching quizzes found
Score Distribution
Percent of People with Each Score
Percentile by Number Answered
Your Score History
You have not taken this quiz